000 00560nam a2200193Ia 4500
003 GCL
008 140319s9999 xx 000 0 eng d
040 _aGCL /
_cGCL
082 0 4 _a678
_bN G
100 1 _aNATIONAL ECONOMIC DEVELOPMENT OFFICE
245 1 0 _aGUIDELINES FOR THE MANAGEMENT OF MAHOR CONSTRUCTION PROJECTS /
_cNATIONAL ECONOMIC DEVELOPMENT OFFICE
260 _a[S.N] :
_bHMSO ،
_c1991
300 _a127
650 0 4 _aالتحليل الرياضى
650 0 4 _aMANAGEMENT
650 0 4 _aPROJECTS
650 0 4 _aCONSTRUCTION
942 _2ddc
_cBK
999 _c16686
_d16686